000 00609nam a2200217 i 4500
001 bg
100 1 _aTARBUCK, Edward J.
245 4 _aThe Earth :
_ban introduction to physical geology /
_cEdward J. Tarbuck, Frederick K. Lutgens.
250 _a2nd ed.
260 _aColumbus :
_bBell & Howell,
_c1987.
300 _aXV, 591 s. :
_bfot., mapy, rys. ;
_c27 cm.
650 9 _aZiemia
_xgeologia
700 1 _aLUTGENS, Frederick K.
020 _a0675206987
040 _cBPK
041 0 _aen
080 _a551.1/.4
920 _a0-675-20698-7
942 _cKS
008 s pl f |000 0 pol
999 _c30369
_d30369
856 _uhttp://koha.tu.koszalin.pl/cgi-bin/koha/opac-detail.pl?biblionumber=30369
_yKatalog online BPK